Язык науки в академической коммуникации, Учебное пособие для иностранных студентов
| Hovedforfatter: | |
|---|---|
| Summary: | Книга находится в премиум-версии платформы «Русский как иностранный». Учебное пособие направлено на изучение иностранными студентами основ научной речи с целью дальнейшего продуцирования текстов научного стиля речи в учебном дискурсе, а также при написании и апробации выпускной квалификационной работы. В издании излагаются сведения, описывающие логико-смысловой механизм продуцирования научной речи, на материале лингвистических текстов рассматриваются такие понятия, как «дефиниция», «классификация», «структура научного текста» и т.д., даются речевые модели, репрезентирующие данные понятия в научной речи. В книге представлены упражнения, направленные на формирование навыков продуцирования текстов устной и письменной научной коммуникации, а также задания, ориентированные на формирование навыков компрессии научных текстов. Предназначено для иностранных студентов старших курсов бакалавриата, обучающихся по направлению подготовки 45.03.02 «Лингвистика» (профиль «Теория и практика межкультурной коммуникации»), изучающих дисциплину «Основы научно-исследовательской работы». Гарантированный срок размещения на платформе до 30.12.2031 (автопролонгация) |
| Udgivet: |
Москва, Ай Пи Ар Медиа, 2022
|
| Udgivelse: | Язык науки в академической коммуникации |
| Fag: | |
| Online adgang: | Перейти к просмотру издания |
| Format: | MixedMaterials Electronisk |
MARC
| LEADER | 00000 a2200000 4500 | ||
|---|---|---|---|
| 001 | RU/ROS-EDU.RU/117869 | ||
| 856 | 4 | |u https://www.ros-edu.ru/book?id=117869 |z Перейти к просмотру издания | |
| 010 | |a 978-5-4497-1520-3 | ||
| 205 | |a Язык науки в академической коммуникации |b 2031-12-30 | ||
| 333 | |a Гарантированный срок размещения на платформе до 30.12.2031 (автопролонгация) | ||
| 100 | |a 20220101d2022 |||y0rusy0250 |s 2031-12-30 | ||
| 105 | |a y z 000zy | ||
| 101 | 0 | |a rus | |
| 102 | |a RU | ||
| 200 | 1 | |a Язык науки в академической коммуникации |b Электронный ресурс |e Учебное пособие для иностранных студентов |f Т. В. Васильева | |
| 700 | 1 | |b Т. В. |a Васильева |4 070 | |
| 330 | |a Учебное пособие направлено на изучение иностранными студентами основ научной речи с целью дальнейшего продуцирования текстов научного стиля речи в учебном дискурсе, а также при написании и апробации выпускной квалификационной работы. В издании излагаются сведения, описывающие логико-смысловой механизм продуцирования научной речи, на материале лингвистических текстов рассматриваются такие понятия, как «дефиниция», «классификация», «структура научного текста» и т.д., даются речевые модели, репрезентирующие данные понятия в научной речи. В книге представлены упражнения, направленные на формирование навыков продуцирования текстов устной и письменной научной коммуникации, а также задания, ориентированные на формирование навыков компрессии научных текстов. Предназначено для иностранных студентов старших курсов бакалавриата, обучающихся по направлению подготовки 45.03.02 «Лингвистика» (профиль «Теория и практика межкультурной коммуникации»), изучающих дисциплину «Основы научно-исследовательской работы». | ||
| 210 | |a Москва |c Ай Пи Ар Медиа |d 2022 | ||
| 610 | 1 | |a язык науки | |
| 610 | 1 | |a академическая коммуникация | |
| 610 | 1 | |a научная речь | |
| 610 | 1 | |a продуцирование текста | |
| 675 | |a 811.161 | ||
| 686 | |a 81.411 |2 rubbk | ||
| 300 | |a Книга находится в премиум-версии платформы «Русский как иностранный». | ||
| 215 | |a 97 с. | ||